Normal view
MARC view
- DURRANI, K. E
Entry Personal Name
001 - CONTROL NUMBER
- control field: 80526
003 - CONTROL NUMBER IDENTIFIER
- control field: NUST
005 - DATE AND TIME OF LATEST TRANSACTION
- control field: 20210628210701.0
008 - FIXED-LENGTH DATA ELEMENTS
- fixed length control field: 210628|| aca||aabn | a|a d
040 ## - CATALOGING SOURCE
- Original cataloging agency: NUST
- Transcribing agency: NUST
100 ## - HEADING--PERSONAL NAME
- Personal name: DURRANI, K. E
670 ## - SOURCE DATA FOUND
- Source citation: Work cat.: (NUST): DURRANI, K. E, AN INTRODUCTION TO ELECTRICAL MACHINES ANALYSIS ,BASIC MATHEMATICAL MODELS, 1979
